000 01369nam a2200361 c 4500
999 _c57170
_d57170
003 BLK
005 20250119004139.0
008 180408b bul|||||r ||||||| ||bul||
010 _aKNG00061162000
040 _aBLK
041 _aBUL
_cBUL
080 _aИстория на България
_b94(497.2)
_z94(497.2)
100 _aМосков, Моско Добрев
_d1927-2001
_gФилолог. Езиковед.
_9364083
139 _aМосков, Моско Добрев
_bМ 92
245 1 0 _aИменник на българските ханове
_bНово тълкуване
_cМоско Москов; ред. Радостина Караславова.
257 _aBGR
260 _bД-р Петър Берон
_c1988
300 _a368 с.
_c22 см
380 _a9
500 _a18 108 тир. - Библиогр. с. 365-368.
650 4 _aПрабългари
_9167314
650 7 _aБългария - история, средни векове
_2
_9149610
653 _aпрабългари
653 _aистория
700 1 _aКараславова, Радостина
_eред.
_9287393
852 _aЦб 154513
856 4 _qpdf
_i0.00
_ldisable
856 4 _qpdf
_i0.00
_ldisable
942 _cKNG
_n0
_03
_s1
944 _aCR
_c13.06.2004
_k
_lCRON CRON
944 _aED
_c28.08.2015
999 _d57170